000
00249nam a22000977a 4500
008
170105b xxu||||| |||| 00| 0 eng d
041
_a
eng
080
_2
2ND
_a
618.2
245
_a
INTRAVENOUS INFUSION THERAPY FOR NURSES
_c
JOSEPHSON, D.L
942
_2
udc
_c
BK
999
_c
2569
_d
2569